=LDR 00000nam 2200000 4500 =001 INLIS000000000014897 =005 20130612110158 =008 ***********************************Ind** =035 ##$$0010-061300000014897 =041 ##$$a Ind =082 ##$$a 297.61 =090 ##$$a 297.61, Ruk m =100 ##$$a Rukmana, Nana =245 ##$$a Masjid dan dakwah, Merencanakan, membagun dan megelola masjid, Nana Rukmana =260 ##$$a 2002 $b Jakarta =300 ##$$a xxxv, 310 hlm, Il, 21 cm =650 ##$$a Masyarakat Islam =850 ##$$a NBPNMAT